000
00302nam a22001337a 4500
020
_a
8172315481
082
_a
297.1 ALI
100
_a
Ali, Mohammad Ali Ibn Zubair
245
_a
Signs Of Qiyamah
260
_a
Delhi
_b
Islamic Book Service
_c
2011
300
_a
44
650
_a
Islam Faith
942
_c
BK
999
_c
20015
_d
20015